Bienvenue au Catalogue en Ligne des Bibliothèques de l'Universite du Burundi

Normal view MARC view

Entry Topical Term

Number of records used in: 1

001 - CONTROL NUMBER

  • control field: 124360

003 - CONTROL NUMBER IDENTIFIER

  • control field: BI-BuBU

005 - DATE AND TIME OF LATEST TRANSACTION

  • control field: 20160115134725.0

008 - FIXED-LENGTH DATA ELEMENTS

  • fixed length control field: 160115|||a|||||| | ||| d

040 ## - CATALOGING SOURCE

  • Original cataloging agency: BI-BuBU
  • Transcribing agency: BI-BuBU

150 ## - HEADING--TOPICAL TERM

  • Topical term or geographic name as entry element: Régie nationale des postes
  • General subdivision: Portefeuille d' actvité
  • General subdivision: Gestion

670 ## - SOURCE DATA FOUND

  • Source citation: Work cat.: (BI-BuBU): aut Gitabu Aimable 124359, Gestion du porte feuille d' activités de la Régie nationale des postes, 2015

670 ## - SOURCE DATA FOUND

  • Source citation: Work cat.: (BI-BuBU): aut Gitabu Aimable 124359, Gestion du porte feuille d' activités de la Régie nationale des postes, 2015
© 2019-2026 - Bibliothèques de l'Université du Burundi |Tous droits réservés
home | Pour toute information urgente Contactez nous | tel whatsupp: +25779204313